Tenzidy v prostriedkoch bytovej chémie bakalárska práca

Gespeichert in:
Bibliographische Detailangaben
1. Verfasser: Fulierová, Dominika
Format: Buch
Sprache:Slowakisch
Veröffentlicht: Bratislava STU FCHPT Dominika Fulierová
Online-Zugang:Im OPAC anzeigen
Tags: Tag hinzufügen
Keine Tags, Fügen Sie das erste Tag hinzu!

MARC

LEADER 00000nam a2200000 a 4500
005 20260127134235.0
008 160830 2016 000 0 slo d
035 |a vtls011575968 
039 9 |y 201608301309  |z mschk03 
040 |a STUSCHK1  |b slo  |c STUSCHK1  |e AACR2 
100 1 |a Fulierová, Dominika 
245 1 |a Tenzidy v prostriedkoch bytovej chémie  |b bakalárska práca  |c Dominika Fulierová 
260 |a Bratislava  |b STU FCHPT  |c Dominika Fulierová 
300 |a 48 s.  |b il.  |c 25 cm 
500 |a Študijný program: výživa, kozmetika, ochrana zdravia 
500 |a Študijný odbor: potravinárstvo 
500 |a Školiace pracovisko: Ústav potravinárstva a výživy 
500 |a Evid. číslo: FCHPT-104558-63916 
910 |a SCHK95 
999 |c 7569  |d 7569